000 01735nam a2200241Ia 4500
003 Ost
005 20260507075253.0
008 260507s9999||||xx |||||||||||||| ||und||
020 _a8669249960
040 _cfsecg
041 _aara
082 _a330
100 _aنوفسنجر، جون
_eمؤلف
245 0 _aحوكمة الشركة :
_bالاطراف الراصدة و المشاركة /
_c جون نوفسنجر
260 _aالرياض:
_bدار المريخ,
_c2010
300 _a190 صفحة؛
_bإيضاحات ؛
_c24 سم
520 _aنظرة عامة حول أصحاب المصلحة في حوكمة الشركة ، حوافز المديرين ، مكافحة الغش المالي بواسطة المحاسبون و المراجعون ، مجلس الادارة : ترشيد القرار الاداري ، بنوك الاستثمار و محللو الاوراق المالية : اعادة الهيكلة المالية ، الدائنون ووكالات تقييم الائتمان : الجدارة الائتمانية ، المساهمون و العائد على الأموال المستثمرة ، اعادة التنظيم المؤسسي : مدخل الدمج و الضم ، لجنة الأوراق المالية و البورصة : معالجة الممارسات المالية و الادارية الخاطئة ، قواعد جديدة للحوكمة : قانون أوكسلي و ساربنيز، المسؤولية الاجتماعية للشركة : غياب البعد الاجتماعي المؤسسي .
653 _aالإستثمار
653 _aالأوراق المالية
653 _aالشركات
700 _aا كيم، كينيث
_eمؤلف ثانوي
942 _cكتاب
999 _c43711
_d43711